Lock down or economic destruction? (Record no. 8434)

MARC details
000 -LEADER
fixed length control field 00467nam a2200169Ia 4500
008 - FIXED-LENGTH DATA ELEMENTS--GENERAL INFORMATION
fixed length control field 230917s9999||||xx |||||||||||||| ||und||
020 ## - ISBN
Price RS 595.00
040 ## - CATALOGING SOURCE
-- 5008984
Original cataloging agency VIVEKANANDA LIBRARY
041 ## - Language
-- English
082 ## - DDC NUMBER
Classification number 330.90512 S13L
100 ## - MAIN ENTRY--PERSONAL NAME
Personal name Sabnavis, Madan
245 #0 - TITLE STATEMENT
Title Lock down or economic destruction?
260 ## - PUBLICATION, DISTRIBUTION, ETC. (IMPRINT)
Place of publication, distribution, etc New Delhi
Name of publisher, distributor, etc Atlantic Publishers
Date of publication, distribution, etc 2022
300 ## - PHYSICAL DESCRIPTION
Pages xxiv, 198 p.
500 ## - GENERAL NOTE
General note 5006 05/01/2023 TBA23/2852 17/01/2023 Main Budget
942 ## - ADDED ENTRY ELEMENTS (KOHA)
Koha item type Books
Holdings
Withdrawn status Lost status Damaged status Not for loan Location (home branch) Sublocation or collection (holding branch) Date acquired Koha issues (times borrowed) Koha full call number Accession No. Koha date last seen Koha item type
        VIVEKANANDA LIBRARY VIVEKANANDA LIBRARY 25/02/2023   330.90512 S13L 402559 17/09/2023 Books
© Designed and Maintained by Vivekananda Library, MDU Rohtak